| 000 | 00651cam a2200253 i 4500 | ||
|---|---|---|---|
| 001 | 3687100 | ||
| 005 | 20180206093412.0 | ||
| 008 | 780831s1977 enka b 000 0 eng | ||
| 010 | _a 78301060 | ||
| 015 | _aGB*** | ||
| 020 |
_a0333236432 : _c£8.95 |
||
| 020 | _a0333236440 (pbk.) | ||
| 040 |
_aDLC _cDLC _dDLC |
||
| 041 | _aeng | ||
| 043 | _ae-uk--- | ||
| 080 | _a301.441 WIL | ||
| 082 | 0 | 0 | _a301.441 WIL |
| 100 | _a50 | ||
| 101 | _aSOC | ||
| 245 | 1 | 0 |
_aWhy the poor pay more / _cedited by Frances Williams. |
| 504 | _aIncludes bibliographical references. | ||
| 906 |
_a7 _bcbc _corignew _d4 _encip _f19 _gy-gencatlg |
||
| 942 |
_2ddc _cBK |
||
| 999 |
_c41957 _d41957 |
||